Регионална библиотека "Любен Каравелов" - Русе

Таблица за километрическите растояния между градовете и селата на княжество България (Запис номер 390030)

MARC детайли
000 -Лидер
Контролно поле с фиксирана дължина nam a22 7a 4500
003 - Код на организацията, давaща контролен номер
Контролно поле BLK
005 - Дата и час на последна редакция
Контролно поле 20201014110045.0
008 - Елементи от данни с фиксирана дължина
fixed length control field 201014b bu ||||| |||| 00| 0 bu d
040 ## - Източник на каталожния запис
Идентификатор на билиотеката - собственик на записа BLK
041 ## - Код за език
Код за езика на текст/звукозапис или на отделно заглавие Български
Код за езика КДБФ Български
080 ## - УДК
Текстов определител УДК Железопътно строителство. Пътно строителство
УДК код - определител по УДК 625
УДК определител (497.2)(083.7)
УДК - код + определител 625(497.2)(083.7)
110 ## - Редна дума - колетивен орган
9 (RLIN) 435207
Редна дума - наименование на организация или юридическо лице България. Министерство на общ. сгради, пътищата и съобщенията
245 ## - Сведения за заглавието
Заглавие Таблица за километрическите растояния между градовете и селата на княжество България
260 ## - Област на издателските данни
9 (RLIN) 211206
Място на издаване, разпространение и проч. София
Име на издателя, разпространителя и проч. Държ. печ.
Година на издаване 1896
300 ## - Физическа характеристика
Страници 442 с.
Илюстрации и др. с табл.
Размери/Мащаб 29 см
Съпровождащи материали 1 л.: к.
380 ## - Жанр
Жанр Техника
490 ## - СЕРИИ (Колекции)
9 (RLIN) 435080
Име на серия Колекция Редки и ценни издания
500 ## - Общи забележки
Забележка Съдържа: Приказ N 794 от 17.07.1895 на м-р М. Ив. Маджаров ; [Писмо] до м-ра на общ. сгради, пътищата и съобщенията, Инж. отд. от м. февр. 1896, подписано от инж.-инспектор Ст. Сарафов, съветник във Върховната сметна палата, С. Д. Въженов и счетоводител в М-вото на вътр. работи Н. Тантилов
650 #7 - Допълнително описание по предмет – тема
9 (RLIN) 163495
Основно описание – тема или топоним Населени места - България - списъци
852 ## - Местоположение
Форматна сигнатура Рб 896
Фондова буква Редки и ценни
999 ## - СИСТЕМНИ КОНТРОЛНИ НОМЕРА
Koha biblionumber 390030
Koha biblioitemnumber 390030
942 ## - АРТИКУЛИ
Вид на библиотечния материал Книги
Скрит в OPAC Не
Периодичен библиозапис Да
944 ## - СЪЗДАВАНЕ И РЕДАКЦИЯ на ЗАПИСА
Създаване/Редакция Създаване
Дата на регистрацията/редакция 2020-10-14
Служител, извършил регистрацията/редакцията ВЙ
Наличности
Код за отписване Код за изгубен артикул Източник на класификационната схема Код за повреда Коз за рестрикции Код за отдаване Артикулен № Име на библиотеката - собственик Име на библиотеката, в която се намира в момента Статус (Текущо местоположение) Дата на вписване в системата Местоположение - отдел Цена в лева Инвентарен номер Систематично азбучна сигнатура Баркод Цена в евро Служебен тип на артикула
  Не е изгубен Universal Decimal Classification Не е повреден само за читалня Специални фондове ( старопечатни, редки и ценни, фонд М. Арнаудов) 803537 Регионална библиотека "Любен Каравелов" Русе Регионална библиотека "Любен Каравелов" Русе Редки и ценни 2020-10-15 Редки и ценни 1.60 435581 Рб 896 120000435581 0.82 Книги
  Не е изгубен Universal Decimal Classification Не е повреден само за читалня Специални фондове ( старопечатни, редки и ценни, фонд М. Арнаудов) 803576 Регионална библиотека "Любен Каравелов" Русе Регионална библиотека "Любен Каравелов" Русе Редки и ценни 2020-10-19 Редки и ценни 0.71 27487 Рб 896 900000036368 0.36 Книги
  Не е изгубен Universal Decimal Classification Не е повреден само за читалня Специални фондове ( старопечатни, редки и ценни, фонд М. Арнаудов) 803577 Регионална библиотека "Любен Каравелов" Русе Регионална библиотека "Любен Каравелов" Русе Редки и ценни 2020-10-19 Редки и ценни 0.64 27205 Рб 896 900000036366 0.33 Книги
  Не е изгубен Universal Decimal Classification Не е повреден само за читалня Специални фондове ( старопечатни, редки и ценни, фонд М. Арнаудов) 803578 Регионална библиотека "Любен Каравелов" Русе Регионална библиотека "Любен Каравелов" Русе Редки и ценни 2020-10-19 Редки и ценни 0.72 27481 Рб 896 900000036367 0.37 Книги
Vip Innovations Ltd, Rousse, Bulgaria 2025